00245nam a22000857a 4500082001700000100002800017245005000045260004300095300002100138 a346.0432 KHU aKhuncha, Muhammad Iqbal aLand Records Manual /cMuhammad Iqbal Khuncha aLahore :bImran Law Book House,c2020. a864 p. ;c24 cm.